000 00969cam a2200265I 4500
001 21396
003 BD-RjUL
005 20211209000700.0
008 140304s1964 enk 00000 eng
035 _a(BD-RjUL)21460
040 _aDLC
_cWSU
_dSER
_dm.c.
_dBOS
_dBD-RjUL
_beng
041 _aeng
082 _a824
_bSTJ 1964
090 _aPR6037.T4
_bJ28 F64
100 1 _aStephens, James,
_d1882-1950.
_955035
245 1 0 _aJames, Seumas & Jacques :
_cChosen and edited with an introd. by Lloyd Frankenberg.
_bunpublished writings /
260 _aLondon :
_bMacmillan,
_cc1964.
300 _axxxii, 288 p. ;
_c21 cm.
500 _aChiefly a selection of radio scripts of talks broadcast over B.B.C., 1928-1950.
505 0 _aFables.--Friends and others.--James, Seumas & Jacques.--Appendix: James Stephens broadcasts.
650 0 _aAuthors, Irish
_y20th century.
_966129
710 2 0 _aBritish Broadcasting Corporation.
_966130
942 _2ddc
_cBK
999 _c21396
_d21396